Jose Mourinho's Chelsea signings - Statistics

General Stats
  • This quiz has been taken 318 times
  • The average score is 20 of 63
Answer Stats
Hint Answer % Correct
2004 Didier Drogba
95%
2014 Didier Drogba
95%
2004 Petr Cech
81%
2014 Diego Costa
76%
2006 Ashley Cole
75%
2004 Ricardo Carvalho
73%
2005 Michael Essien
69%
2014 Cesc Fabregas
67%
2014 Nemanja Matic
65%
2004 Arjen Robben
64%
2013 Willian
62%
2006 John Obi Mikel
59%
2006 Michael Ballack
59%
2004 Paulo Ferreira
59%
2006 Andriy Shevchenko
56%
2016 Pedro
49%
2007 Florent Malouda
48%
2006 Salomon Kalou
48%
2013 Samuel Eto'o
47%
2014 Mohamed Salah
46%
2013 Andre Schurrle
44%
2014 Filipe Luis
44%
2007 Alex
41%
2004 Mateja Kezman
40%
2004 Tiago
37%
2014 Kurt Zouma
34%
2016 Falcao
33%
2014 Loic Remy
33%
2016 Asmir Begovic
30%
2005 Asier Del Horno
29%
2005 Shaun Wright-Phillips
28%
2015 Juan Cuadrado
26%
2016 Kenedy
22%
2013 Marco Van Ginkel
22%
2007 Juliano Belletti
20%
2006 Maniche
20%
2005 Lassana Diarra
19%
2007 Steve Sidwell
19%
2013 Mark Schwarzer
17%
2006 Khalid Boulahrouz
16%
2007 Tal Ben Haim
16%
2016 Baba Rahman
15%
2007 Claudio Pizarro
14%
2005 Jiri Jarosik
11%
2014 Bertrand Traore
9%
2007 Fabio Borini
6%
2016 Michael Hector
6%
2016 Papy Djilobodji
6%
2013 Christian Atsu
5%
2004 Nuno Morais
5%
2016 Marco Amelia
4%
2013 Cristian Cuevas
3%
2014 Mario Pasalic
3%
2016 Nathan
3%
2016 Danilo Pantic
2%
2013 Isaiah Brown
2%
2013 Stipe Perica
2%
2007 Jacob Mellis
1%
2007 Danny Philliskirk
0%
2014 Hubert Adamczyk
0%
2016 Joseph Colley
0%
2013 Josimar Quintero
0%
2014 Miro Muheim
0%
No matching quizzes found
Score Distribution
Percent of People with Each Score
Percentile by Number Answered
Your Score History
You have not taken this quiz